000 00489nam a2200181Ia 4500
003 OSt
005 20230504154145.0
008 210423s2005 xx 000 0 und d
040 _cAL
082 _a591.82 BHAS
100 _aBHATTACHARJEE (Subrata).
_997872
245 _aHand book of animal diseases.
260 _aNew Delhi
_bDominant Publishers and Distributors
_c2005
300 _axii,244
_bPB
365 _b195
_cINR
906 _aanimal ; diseases. ; Handbook
942 _2ddc
_cBK
999 _c163252
_d163252